[Event "Korcsoportos Bajnokság u14f"]
[Site "Balatonlelle"]
[Date "2015.06.21"]
[Round "4.5"]
[White "Kelemen, David"]
[Black "Szabo, Balint"]
[Result "1/2-1/2"]
[WhiteElo "1943"]
[BlackElo "1620"]
[PlyCount "81"]
[EventDate "2015.06.18"]
[EventType "swiss"]
[EventRounds "9"]
[EventCountry "HUN"]
[WhiteClock "0:37:00"]
[BlackClock "1:16:43"]

1. e4 e5 2. Nf3 Nc6 3. Bb5 a6 4. Ba4 d6 5. c3 Bd7 6. d4 g6 7. d5 Nb8 8. Bxd7+
Nxd7 9. O-O Bg7 10. c4 Ne7 11. Nc3 O-O 12. b4 h6 13. Nd2 f5 14. f3 f4 15. Nb3
g5 16. a4 Ng6 17. Ba3 h5 18. c5 Nf6 19. cxd6 cxd6 20. a5 g4 21. b5 gxf3 22.
Qxf3 Nh4 23. Qh3 Ng4 24. Nd2 Bf6 25. g3 fxg3 26. hxg3 Bg5 27. gxh4 Bxd2 28.
Rxf8+ Qxf8 29. Rf1 Qe7 30. Ne2 Bxa5 31. Ng3 Bb6+ 32. Kh1 Nf2+ 33. Rxf2 Bxf2 34.
Nf5 Qc7 35. Qg2+ Kh7 36. Qg5 Qf7 37. Qh6+ Kg8 38. Qg5+ Kh7 39. Qh6+ Kg8 40.
Qg5+ Kh7 41. Qh6+ 1/2-1/2

[Event "Korcsoportos Bajnokság u14f"]
[Site "Balatonlelle"]
[Date "2015.06.21"]
[Round "4.6"]
[White "Ambrus, Bence"]
[Black "Szabo, Marton Mihaly"]
[Result "0-1"]
[WhiteElo "1798"]
[BlackElo "1864"]
[PlyCount "68"]
[EventDate "2015.06.18"]
[EventType "swiss"]
[EventRounds "9"]
[EventCountry "HUN"]
[WhiteClock "0:34:00"]
[BlackClock "0:19:02"]

1. e4 c5 2. Nf3 a6 3. c4 Nc6 4. Nc3 e5 5. Be2 g6 6. O-O Bg7 7. d3 Nge7 8. Ne1
O-O 9. f4 d6 10. Nf3 Nd4 11. Be3 f5 12. Qd2 Qc7 13. Rac1 Bd7 14. fxe5 dxe5 15.
Bh6 Qd6 16. Bxg7 Kxg7 17. Nd5 Nxd5 18. cxd5 fxe4 19. dxe4 Nxe2+ 20. Qxe2 Bb5
21. Qd2 Bxf1 22. Rxf1 Rf4 23. Re1 h6 24. Qc3 Re8 25. Qb3 b5 26. a4 c4 27. Qc3
Qc5+ 28. Kh1 b4 29. Qc1 g5 30. h4 Kg6 31. d6 g4 32. d7 Rd8 33. Qxc4 Qe7 34.
Qxa6+ Rf6 0-1

[Event "Korcsoportos Bajnokság u14f"]
[Site "Balatonlelle"]
[Date "2015.06.21"]
[Round "4.7"]
[White "Varga, Marcell"]
[Black "Horvath, Balazs"]
[Result "0-1"]
[WhiteElo "1478"]
[BlackElo "2115"]
[PlyCount "82"]
[EventDate "2015.06.18"]
[EventType "swiss"]
[EventRounds "9"]
[EventCountry "HUN"]
[WhiteClock "0:44:25"]
[BlackClock "1:07:02"]

1. e4 e5 2. Nf3 Nc6 3. Bc4 Bc5 4. c3 d6 5. d3 Nf6 6. Bg5 Bg4 7. Nbd2 h6 8. Bh4
O-O 9. O-O g5 10. Bg3 Nh5 11. b4 Bb6 12. Qb3 a5 13. a3 Qd7 14. Rac1 Nxg3 15.
hxg3 Bxf3 16. Nxf3 Qg4 17. Kh1 Kg7 18. Nh2 Qh5 19. Rc2 axb4 20. axb4 Ra7 21.
Ra2 Rfa8 22. Rxa7 Rxa7 23. Qc2 Ne7 24. Kg1 c6 25. Qd1 Qxd1 26. Rxd1 Ra3 27. Rc1
d5 28. exd5 cxd5 29. Bb5 Ra2 30. Ng4 h5 31. Nxe5 Bxf2+ 32. Kh1 Bxg3 33. Nf3 Ng6
34. Nxg5 Bf4 35. Rf1 Bxg5 36. Be8 f6 37. b5 h4 38. b6 Nf4 39. Bd7 Nxg2 40. Be6
Ne3 41. Re1 Rb2 0-1

[Event "Korcsoportos Bajnokság u14f"]
[Site "Balatonlelle"]
[Date "2015.06.21"]
[Round "4.8"]
[White "Czumbel, Peter"]
[Black "Miszler, Levente"]
[Result "1/2-1/2"]
[WhiteElo "1904"]
[BlackElo "1845"]
[PlyCount "137"]
[EventDate "2015.06.18"]
[EventType "swiss"]
[EventRounds "9"]
[EventCountry "HUN"]
[WhiteClock "0:18:06"]
[BlackClock "0:25:44"]

1. Nf3 Nf6 2. g3 g6 3. Bg2 Bg7 4. O-O d6 5. d4 O-O 6. a4 Nbd7 7. a5 e5 8. a6 c6
9. c3 e4 10. Nfd2 d5 11. c4 Re8 12. e3 bxa6 13. Nb3 Nb6 14. Na5 Nxc4 15. Nxc4
dxc4 16. Nc3 Qe7 17. Qa4 Qe6 18. Rd1 Bb7 19. Bf1 Rad8 20. Bxc4 Qh3 21. Bf1 Qc8
22. Bxa6 Bxa6 23. Qxa6 Qh3 24. Qf1 Qd7 25. Na4 Qc7 26. Nc5 Nd7 27. Nxd7 Rxd7
28. Rd2 Qb6 29. Qa6 Rb8 30. Rc2 Rc7 31. Qxb6 axb6 32. Ra4 f5 33. b4 Bf8 34. Bd2
Rbb7 35. Kg2 Kf7 36. f3 exf3+ 37. Kxf3 Ke6 38. e4 fxe4+ 39. Kxe4 Bd6 40. Ra6
Be7 41. Bf4 Bd6 42. b5 Kd7 43. Bxd6 Kxd6 44. bxc6 Rxc6 45. Rxc6+ Kxc6 46. d5+
Kc5 47. Ke5 Re7+ 48. Kf6 Rd7 49. g4 Rxd5 50. Ra7 h5 51. g5 Rd6+ 52. Ke5 Rc6 53.
Ra1 b5 54. Rc1+ Kb6 55. Rxc6+ Kxc6 56. Kf6 b4 57. Kxg6 b3 58. Kh6 b2 59. g6
b1=Q 60. g7 Qb8 61. Kh7 Kd5 62. g8=Q+ Qxg8+ 63. Kxg8 Ke4 64. Kg7 Kf3 65. Kg6 h4
66. Kf5 Kg2 67. Kf4 h3 68. Ke3 Kxh2 69. Kf2 {Kg2+ Kf3+ Kh2} 1/2-1/2

[Event "Korcsoportos Bajnokság u14f"]
[Site "Balatonlelle"]
[Date "2015.06.21"]
[Round "4.9"]
[White "Kovacs, Gabor Etele"]
[Black "Marton, Kristof"]
[Result "1-0"]
[WhiteElo "1851"]
[BlackElo "1482"]
[PlyCount "75"]
[EventDate "2015.06.18"]
[EventType "swiss"]
[EventRounds "9"]
[EventCountry "HUN"]
[WhiteClock "0:57:46"]
[BlackClock "0:49:13"]

1. e4 c6 2. d4 d5 3. exd5 cxd5 4. Bd3 Nc6 5. c3 Nf6 6. Bg5 e6 7. Nf3 Be7 8.
Nbd2 O-O 9. O-O Bd7 10. Re1 h6 11. Bh4 Nh7 12. Bxe7 Qxe7 13. Qb3 Na5 14. Qxd5
exd5 15. Rxe7 Be6 16. Bxh7+ Kxh7 17. b4 Nc6 18. Rxb7 a6 19. Nb3 Rfc8 20. Nc5
Nd8 21. Rb6 Bg4 22. Ne5 Bf5 23. Rc1 f6 24. Nf3 a5 25. b5 Bg6 26. Rd6 Be4 27.
Nd2 f5 28. f3 Rab8 29. a4 Nb7 30. Nxb7 Rxb7 31. fxe4 dxe4 32. c4 Rbc7 33. c5
Re8 34. Re1 e3 35. Nc4 f4 36. Ne5 g5 37. Rd7+ Rxd7 38. Nxd7 1-0

[Event "Korcsoportos Bajnokság u14f"]
[Site "Balatonlelle"]
[Date "2015.06.21"]
[Round "4.10"]
[White "Pasztor, Bence"]
[Black "Acs, Kristof"]
[Result "0-1"]
[WhiteElo "1598"]
[BlackElo "1536"]
[PlyCount "54"]
[EventDate "2015.06.18"]
[EventType "swiss"]
[EventRounds "9"]
[EventCountry "HUN"]
[WhiteClock "1:31:49"]
[BlackClock "1:27:03"]

1. e4 e5 2. Nf3 Nc6 3. Bc4 Bc5 4. c3 Nf6 5. d3 O-O 6. Nbd2 d6 7. O-O Bg4 8. Re1
Na5 9. Bb5 a6 10. Ba4 Nc6 11. h3 Bh5 12. Nf1 h6 13. Ng3 Bg6 14. Nh4 Bh7 15. Qf3
b5 16. Bc2 d5 17. Ngf5 Kh8 18. Qg3 Rg8 19. Be3 d4 20. cxd4 Bxd4 21. Bxd4 Nxd4
22. Nxd4 Qxd4 23. Nf3 Qxb2 24. Nxe5 Rgf8 25. Bb3 Nh5 26. Qf3 Qxe5 27. Qd1 Qb2
0-1

[Event "Korcsoportos Bajnokság u14f"]
[Site "Balatonlelle"]
[Date "2015.06.21"]
[Round "4.11"]
[White "Horvath, Csongor Endre"]
[Black "Tubak, Daniel"]
[Result "0-1"]
[WhiteElo "1523"]
[BlackElo "2032"]
[PlyCount "114"]
[EventDate "2015.06.18"]
[EventType "swiss"]
[EventRounds "9"]
[EventCountry "HUN"]
[WhiteClock "0:50:30"]
[BlackClock "0:39:18"]

1. e4 e6 2. d4 d5 3. Nd2 Be7 4. Ngf3 Nf6 5. Bd3 c5 6. c3 Nc6 7. O-O O-O 8. e5
Nd7 9. Re1 a6 10. Bb1 Re8 11. Qc2 Nf8 12. Nf1 cxd4 13. cxd4 Bd7 14. Be3 Rc8 15.
Qd1 Na5 16. N1d2 Qb6 17. Nb3 Nc4 18. Bc1 Bb4 19. Bd3 Bxe1 20. Qxe1 Qc7 21. a4
Nb6 22. Nc5 Bc6 23. b3 Nbd7 24. Ba3 Nxc5 25. Bxc5 h6 26. Bb1 b6 27. Bd6 Qd7 28.
Qe3 Bb7 29. h3 Qc6 30. Bd3 Qc3 31. Rd1 Kh8 32. Rb1 Qc6 33. g4 Qd7 34. g5 h5 35.
h4 g6 36. Ne1 Rc6 37. Qf4 Nh7 38. b4 Rc3 39. Qd2 Rcc8 40. Qf4 Kg7 41. Kg2 Qxa4
42. b5 Qa2 43. Bb4 axb5 44. Rd1 Qa7 45. Bxb5 Bc6 46. Bxc6 Rxc6 47. Rc1 Rec8 48.
Rxc6 Rxc6 49. Nf3 Qa4 50. Be7 Qc2 51. Qd2 Qxd2 52. Nxd2 Nf8 53. Kf3 Rc3+ 54.
Kg2 Rd3 55. Nf3 Nd7 56. Bd6 b5 57. Bb4 Nb8 0-1

[Event "Korcsoportos Bajnokság u14f"]
[Site "Balatonlelle"]
[Date "2015.06.21"]
[Round "4.12"]
[White "Kovacs, Mate"]
[Black "Kaloczi, Kristof"]
[Result "0-1"]
[WhiteElo "1353"]
[BlackElo "1781"]
[PlyCount "82"]
[EventDate "2015.06.18"]
[EventType "swiss"]
[EventRounds "9"]
[EventCountry "HUN"]
[WhiteClock "0:17:06"]
[BlackClock "0:37:24"]

1. e4 c5 2. Nc3 d6 3. g3 Nf6 4. Bg2 e6 5. d3 Be7 6. f4 Nbd7 7. Nf3 Qc7 8. O-O
a6 9. h3 O-O 10. g4 Ne8 11. Nh2 b5 12. g5 b4 13. Ne2 Bb7 14. h4 f5 15. Ng3 g6
16. Qe2 Rf7 17. h5 Nb6 18. exf5 exf5 19. Bxb7 Qxb7 20. hxg6 hxg6 21. Qe6 Kg7
22. Re1 Qd5 23. b3 Qxe6 24. Rxe6 Nc7 25. Bb2+ Kh7 26. Re2 Bf8 27. Ng4 Bg7 28.
Nf6+ Bxf6 29. Bxf6 Kg8 30. Rae1 Nbd5 31. Rh2 Nxf6 32. gxf6 Nd5 33. Nxf5 gxf5
34. Kf2 Nxf6 35. Re6 Ng4+ 36. Kg3 Nxh2 37. Kxh2 Rg7 38. Rf6 Rf8 39. Rxd6 Kf7
40. Rh6 Re8 41. Kh3 Re3+ 0-1

[Event "Korcsoportos Bajnokság u14f"]
[Site "Balatonlelle"]
[Date "2015.06.21"]
[Round "4.13"]
[White "Zlotov, Viktor"]
[Black "Nemeth, Balint"]
[Result "0-1"]
[WhiteElo "1333"]
[BlackElo "1617"]
[PlyCount "102"]
[EventDate "2015.06.18"]
[EventType "swiss"]
[EventRounds "9"]
[EventCountry "HUN"]
[WhiteClock "0:49:11"]
[BlackClock "1:13:47"]

1. e4 e5 2. Nf3 Nc6 3. Bc4 Bc5 4. c3 Nf6 5. d3 O-O 6. O-O h6 7. Be3 Bb6 8. Nbd2
d6 9. d4 Bg4 10. Qc2 exd4 11. cxd4 Re8 12. Bd3 Bxf3 13. Nxf3 Nb4 14. Qb3 Nxd3
15. Qxd3 Nxe4 16. d5 Bxe3 17. fxe3 Nc5 18. Qc3 Qe7 19. Rae1 Qe4 20. Nd4 Qxd5
21. Nf5 Qe5 22. Qc4 Re6 23. b4 Na6 24. Rd1 Rf6 25. Rd5 Qe6 26. Qg4 Rg6 27. Qh4
Re8 28. Rd2 Qe4 29. Qxe4 Rxe4 30. a3 Rf6 31. g3 Nb8 32. Rdf2 Nc6 33. Kg2 Ne7
34. Nxe7+ Rxe7 35. Re1 Rxf2+ 36. Kxf2 c5 37. bxc5 dxc5 38. Rc1 b6 39. Rc3 f6
40. Ke2 Kf7 41. Kd3 Kg6 42. Ke2 Kg5 43. h3 h5 44. Kf3 Kf5 45. a4 Re4 46. a5 Ra4
47. axb6 axb6 48. Rc2 c4 49. g4+ hxg4+ 50. hxg4+ Ke5 51. Rc3 b5 0-1

[Event "Korcsoportos Bajnokság u14f"]
[Site "Balatonlelle"]
[Date "2015.06.21"]
[Round "4.14"]
[White "Bencze, Balazs Dominik"]
[Black "Birovecz, Ben Jordan"]
[Result "1-0"]
[WhiteElo "1569"]
[BlackElo "1470"]
[PlyCount "129"]
[EventDate "2015.06.18"]
[EventType "swiss"]
[EventRounds "9"]
[EventCountry "HUN"]
[WhiteClock "1:07:18"]
[BlackClock "0:06:40"]

1. e4 e5 2. Nf3 Nc6 3. d4 exd4 4. Nxd4 Bc5 5. Be3 Qf6 6. c3 Nge7 7. Be2 Bb6 8.
O-O d5 9. Nxc6 Qxc6 10. Bxb6 axb6 11. Na3 O-O 12. e5 Qc5 13. Kh1 Ng6 14. f4 Bf5
15. Nb5 Rad8 16. Nd4 Ne7 17. Qe1 Qa5 18. Nxf5 Nxf5 19. Bd3 Ne7 20. Bxh7+ Kxh7
21. Qh4+ Kg8 22. Qxe7 Qc5 23. Qh4 d4 24. cxd4 Qxd4 25. b3 Rd7 26. Qf2 Qxf2 27.
Rxf2 Rfd8 28. h3 Rd3 29. Rc1 c5 30. Kg1 Rd2 31. Rcf1 b5 32. Rxd2 Rxd2 33. Rf2
Rd1+ 34. Kh2 Re1 35. Rd2 b6 36. Rd6 c4 37. bxc4 bxc4 38. Rxb6 Re4 39. Kg3 Re3+
40. Kf2 Ra3 41. Rb2 Ra4 42. Rc2 Kh7 43. Kf3 Kg6 44. Kg4 Kh6 45. g3 Kg6 46. h4
f5+ 47. exf6 gxf6 48. h5+ Kh6 49. a3 Rxa3 50. Rxc4 f5+ 51. Kh4 Ra6 52. Rc5 Rf6
53. Rd5 Kg7 54. Kg5 Re6 55. Rxf5 Re3 56. g4 Rg3 57. Rc5 Rg1 58. Rc7+ Kh8 59. f5
Rg2 60. f6 Rg1 61. f7 Kg7 62. h6+ Kf8 63. h7 Rh1 64. Rc8+ Kg7 65. f8=Q+ 1-0

[Event "Korcsoportos Bajnokság u14f"]
[Site "Balatonlelle"]
[Date "2015.06.21"]
[Round "4.15"]
[White "Balogh, Akos"]
[Black "Urban, Andras Daniel"]
[Result "1-0"]
[WhiteElo "1568"]
[BlackElo "1119"]
[PlyCount "61"]
[EventDate "2015.06.18"]
[EventType "swiss"]
[EventRounds "9"]
[EventCountry "HUN"]
[WhiteClock "1:01:50"]
[BlackClock "1:05:55"]

1. d4 d5 2. c4 dxc4 3. Nf3 Nf6 4. Nc3 a6 5. e3 b5 6. a4 b4 7. Na2 e6 8. Bxc4 c5
9. O-O Nbd7 10. Qd2 Rb8 11. b3 Bd6 12. Bb2 Nb6 13. Rac1 Nxc4 14. Rxc4 Nd7 15.
dxc5 Bxc5 16. Ne5 Qc7 17. Nxd7 Bxd7 18. Rfc1 Bxe3 19. Qxe3 Qa5 20. Qc5 Qxc5 21.
Rxc5 O-O 22. Rc7 Rfd8 23. Be5 Rbc8 24. Rxc8 Bxc8 25. Nxb4 f6 26. Bf4 Kf7 27. h3
e5 28. Be3 Be6 29. Nxa6 Bxb3 30. Nc5 Bd5 31. a5 1-0

[Event "Korcsoportos Bajnokság u14f"]
[Site "Balatonlelle"]
[Date "2015.06.21"]
[Round "5.1"]
[White "Kokeny, Norbert Adrian"]
[Black "Bohus, Adam"]
[Result "1/2-1/2"]
[WhiteElo "2061"]
[BlackElo "2128"]
[PlyCount "52"]
[EventDate "2015.06.18"]
[EventType "swiss"]
[EventRounds "9"]
[EventCountry "HUN"]

1. d4 d5 2. Bf4 Nf6 3. e3 c5 4. c3 Nc6 5. Nd2 g6 6. Ngf3 Bg7 7. Bd3 O-O 8. h3
Nd7 9. O-O e5 10. dxe5 Ndxe5 11. Be2 b6 12. Nxe5 Nxe5 13. Nf3 Nc6 14. Bb5 Qd7
15. Qa4 Bb7 16. Ne5 Bxe5 17. Bxe5 a6 18. Bxc6 Qxc6 19. Qxc6 Bxc6 20. Bc7 Rfc8
21. Be5 f5 22. Rfd1 Kf7 23. Rd2 Ke6 24. Bg3 b5 25. a3 c4 26. f3 Ra7 1/2-1/2

[Event "Korcsoportos Bajnokság u14f"]
[Site "Balatonlelle"]
[Date "2015.06.21"]
[Round "5.3"]
[White "Szabo, Marton Mihaly"]
[Black "Bege, Mate"]
[Result "1-0"]
[WhiteElo "1864"]
[BlackElo "1999"]
[PlyCount "101"]
[EventDate "2015.06.18"]
[EventType "swiss"]
[EventRounds "9"]
[EventCountry "HUN"]

1. e4 c5 2. c4 Nc6 3. Nc3 e5 4. g3 d6 5. d3 g6 6. Bg2 Bg7 7. Nge2 Nge7 8. O-O
O-O 9. Nd5 Nxd5 10. cxd5 Ne7 11. Be3 b5 12. a4 b4 13. Rc1 Rb8 14. b3 Kh8 15. h3
Bd7 16. Kh2 a5 17. Qd2 Nc8 18. Bh6 Nb6 19. Bxg7+ Kxg7 20. Ra1 Qc8 21. g4 f6 22.
f4 Qe8 23. f5 Rb7 24. h4 Bc8 25. Ng3 Rc7 26. Bf3 Qf7 27. Be2 Qe8 28. g5 Qe7 29.
Bg4 Kg8 30. Kg2 Qg7 31. Rf2 Rcf7 32. Rh1 Kh8 33. Rff1 Kg8 34. fxg6 Bxg4 35.
gxf7+ Rxf7 36. Nf5 Bxf5 37. Rxf5 Qg6 38. h5 Qg7 39. Rh3 h6 40. g6 Rb7 41. Rhf3
Nd7 42. Qf2 Rb8 43. Rxf6 Nxf6 44. Rxf6 Qe7 45. Kg3 Rd8 46. Qf5 c4 47. dxc4 Qa7
48. Qe6+ Kh8 49. g7+ Qxg7+ 50. Rg6 Qf8 51. Rxh6+ 1-0

[Event "Korcsoportos Bajnokság u14f"]
[Site "Balatonlelle"]
[Date "2015.06.21"]
[Round "5.4"]
[White "Acs, Marton"]
[Black "Gyimesi, Peter"]
[Result "1-0"]
[WhiteElo "1968"]
[BlackElo "1819"]
[PlyCount "115"]
[EventDate "2015.06.18"]
[EventType "swiss"]
[EventRounds "9"]
[EventCountry "HUN"]

1. d4 Nf6 2. Nf3 d5 3. g3 e6 4. Bg2 Be7 5. O-O O-O 6. c4 b6 7. Nc3 Bb7 8. cxd5
exd5 9. Ne5 c6 10. Bf4 Nbd7 11. Rb1 Nxe5 12. Bxe5 Bd6 13. Bxd6 Qxd6 14. b4 Rfe8
15. Qd3 Rac8 16. Rfc1 Re7 17. e3 Rec7 18. Qc2 Ba6 19. Bh3 Re8 20. a4 Bc4 21.
Bf1 Bxf1 22. Kxf1 Rec8 23. Qf5 Qe6 24. Qxe6 fxe6 25. Rc2 Kf7 26. Rbc1 Ne8 27.
Nd1 Nd6 28. Nb2 Ke7 29. Ke2 a6 30. f3 b5 31. Ra1 Nc4 32. Nd3 bxa4 33. Rxa4 Ra7
34. Rca2 Rca8 35. Nc5 Kd6 36. Rxa6 Rxa6 37. Rxa6 Rxa6 38. Nxa6 e5 39. Nc5 g5
40. Nd3 exd4 41. exd4 Ke6 42. Nc1 Kf5 43. Nb3 g4 44. Na5 gxf3+ 45. Kxf3 Nd2+
46. Ke2 Nb1 47. Nxc6 Ke4 48. Kd1 Kf3 49. Kc2 Na3+ 50. Kb3 Nc4 51. b5 Kg2 52.
Ne5 Nd6 53. Kb4 Kxh2 54. g4 Nb7 55. b6 Kg3 56. Kb5 Kf4 57. Kc6 Na5+ 58. Kxd5
1-0

[Event "Korcsoportos Bajnokság u14f"]
[Site "Balatonlelle"]
[Date "2015.06.21"]
[Round "5.5"]
[White "Horvath, Balazs"]
[Black "Acs, Kristof"]
[Result "1-0"]
[WhiteElo "2115"]
[BlackElo "1536"]
[PlyCount "51"]
[EventDate "2015.06.18"]
[EventType "swiss"]
[EventRounds "9"]
[EventCountry "HUN"]

1. e4 e5 2. Nf3 Nc6 3. d4 exd4 4. Bc4 Nf6 5. O-O Bc5 6. e5 Ng4 7. c3 dxc3 8.
Bxf7+ Kxf7 9. Qd5+ Ke8 10. Qxc5 d6 11. exd6 Qxd6 12. Re1+ Kf8 13. Qxc3 Be6 14.
Nbd2 Bd5 15. Ne4 Bxe4 16. Rxe4 Nf6 17. Bf4 Qd7 18. Ree1 h6 19. Rad1 Qf7 20. b4
g5 21. Ne5 Nxe5 22. Bxe5 Kg7 23. Bxf6+ Qxf6 24. Rd7+ Kg6 25. Qd3+ Kh5 26. Qh3+
1-0

[Event "Korcsoportos Bajnokság u14f"]
[Site "Balatonlelle"]
[Date "2015.06.21"]
[Round "5.6"]
[White "Vodila, Martin Botond"]
[Black "Kelemen, David"]
[Result "1/2-1/2"]
[WhiteElo "1941"]
[BlackElo "1943"]
[PlyCount "47"]
[EventDate "2015.06.18"]
[EventType "swiss"]
[EventRounds "9"]
[EventCountry "HUN"]

1. e4 c5 2. Nf3 Nc6 3. Bb5 g6 4. Bxc6 dxc6 5. Nc3 Bg7 6. O-O Nf6 7. Re1 O-O 8.
d3 Re8 9. Be3 b6 10. a4 a5 11. d4 cxd4 12. Nxd4 Qc7 13. f3 Rd8 14. Qe2 Nxe4 15.
Ncb5 cxb5 16. Nxb5 Qc6 17. fxe4 Be6 18. c3 Bc4 19. Qf2 Bxb5 20. axb5 Qxb5 21.
Rf1 f6 22. Bxb6 Rdb8 23. Bc5 e5 24. b4 1/2-1/2

[Event "Korcsoportos Bajnokság u14f"]
[Site "Balatonlelle"]
[Date "2015.06.21"]
[Round "5.7"]
[White "Szabo, Balint"]
[Black "Kovacs, Gabor Etele"]
[Result "1/2-1/2"]
[WhiteElo "1620"]
[BlackElo "1851"]
[PlyCount "53"]
[EventDate "2015.06.18"]
[EventType "swiss"]
[EventRounds "9"]
[EventCountry "HUN"]

1. e4 e6 2. d4 d5 3. exd5 exd5 4. Bd3 Bd6 5. h3 Ne7 6. Nc3 Be6 7. Be3 Qd7 8.
Qd2 Nbc6 9. Nge2 Nb4 10. Bb5 c6 11. Ba4 Ng6 12. a3 Na6 13. Nf4 Bxf4 14. Bxf4
Nh4 15. f3 O-O 16. O-O-O b5 17. Bb3 Nc7 18. g4 a5 19. a4 bxa4 20. Nxa4 Rfb8 21.
Be3 Na6 22. Qf2 Ng6 23. f4 f5 24. g5 Rb4 25. Bd2 Rb5 26. h4 Qb7 27. Qf3 1/2-1/2

[Event "Korcsoportos Bajnokság u14f"]
[Site "Balatonlelle"]
[Date "2015.06.21"]
[Round "5.8"]
[White "Tubak, Daniel"]
[Black "Balogh, Akos"]
[Result "1-0"]
[WhiteElo "2032"]
[BlackElo "1568"]
[PlyCount "73"]
[EventDate "2015.06.18"]
[EventType "swiss"]
[EventRounds "9"]
[EventCountry "HUN"]

1. e4 c5 2. Nf3 e6 3. d4 cxd4 4. Nxd4 a6 5. Nc3 Qc7 6. Bd3 Bb4 7. Bd2 Nf6 8.
O-O Be7 9. Be3 Nc6 10. Nb3 b5 11. f4 d6 12. a3 Bb7 13. Qe1 O-O 14. Qg3 Rfd8 15.
Rad1 Rac8 16. f5 d5 17. Qxc7 Rxc7 18. Bb6 dxe4 19. Bxc7 Rd7 20. fxe6 fxe6 21.
Nxe4 Nxe4 22. Bxe4 Rxc7 23. Rd2 Bf6 24. c3 Na5 25. Nxa5 Bxe4 26. Nb3 Bd5 27.
Nd4 Rd7 28. Nc2 a5 29. Rdd1 Rb7 30. Ne3 Bb3 31. Rd6 Rb8 32. Ng4 Rf8 33. Nxf6+
Rxf6 34. Rxf6 gxf6 35. Rd7 e5 36. Kf2 Bc2 37. Rd5 1-0

[Event "Korcsoportos Bajnokság u14f"]
[Site "Balatonlelle"]
[Date "2015.06.21"]
[Round "5.9"]
[White "Kaloczi, Kristof"]
[Black "Czumbel, Peter"]
[Result "1/2-1/2"]
[WhiteElo "1781"]
[BlackElo "1904"]
[PlyCount "89"]
[EventDate "2015.06.18"]
[EventType "swiss"]
[EventRounds "9"]
[EventCountry "HUN"]

1. b3 Nf6 2. Bb2 d6 3. c4 g6 4. d4 Bg7 5. Nc3 O-O 6. e4 Nbd7 7. Nf3 e5 8. dxe5
dxe5 9. Be2 c6 10. O-O Qc7 11. Qc2 b6 12. Rad1 Nc5 13. Ba3 Re8 14. Bxc5 bxc5
15. Ne1 Nd7 16. Bg4 Nf8 17. Bxc8 Raxc8 18. Nd3 Ne6 19. Na4 Qe7 20. Qb2 a5 21.
Rfe1 Red8 22. Qc3 Ra8 23. Qc1 Rd4 24. Qe3 Rad8 25. Nab2 Qh4 26. f3 Nf4 27. Qf2
Qg5 28. Nxf4 exf4 29. Kf1 Rxd1 30. Rxd1 Bd4 31. Qd2 Qh4 32. h3 Qg3 33. Nd3 Qh2
34. Nf2 Qg3 35. Nd3 Qh2 36. Nf2 Ra8 37. Rb1 Kg7 38. a3 Rd8 39. Qe2 Qg3 40. Nd3
Be3 41. Rd1 Rd4 42. a4 Qh2 43. Nf2 Qg3 44. Nd3 Qh2 45. Nf2 1/2-1/2

[Event "Korcsoportos Bajnokság u14f"]
[Site "Balatonlelle"]
[Date "2015.06.21"]
[Round "5.10"]
[White "Miszler, Levente"]
[Black "Bencze, Balazs Dominik"]
[Result "1-0"]
[WhiteElo "1845"]
[BlackElo "1569"]
[PlyCount "83"]
[EventDate "2015.06.18"]
[EventType "swiss"]
[EventRounds "9"]
[EventCountry "HUN"]

1. e4 c5 2. Nf3 d6 3. d4 cxd4 4. Nxd4 Nf6 5. Nc3 a6 6. Be2 e6 7. O-O Be7 8. Be3
O-O 9. f4 Nc6 10. Nb3 b5 11. Bf3 e5 12. Qe1 Bb7 13. a3 exf4 14. Bxf4 Ne5 15.
Bxe5 dxe5 16. Rd1 Qb6+ 17. Qf2 Qxf2+ 18. Rxf2 Rfd8 19. Rfd2 Rxd2 20. Rxd2 Rd8
21. Rxd8+ Bxd8 22. Kf1 g5 23. h3 h5 24. Nc5 Bc8 25. b4 Bb6 26. Nd5 Nxd5 27.
exd5 g4 28. hxg4 hxg4 29. Be2 Bc7 30. c4 bxc4 31. Bxc4 a5 32. Ne4 axb4 33. axb4
Kf8 34. Ke2 Ke7 35. Bb5 f5 36. Nc5 Kd6 37. Bc6 Bb6 38. Nd3 Bd7 39. Bxd7 Kxd7
40. Nxe5+ Kd6 41. Nc4+ Kc7 42. Nxb6 1-0

[Event "Korcsoportos Bajnokság u14f"]
[Site "Balatonlelle"]
[Date "2015.06.21"]
[Round "5.11"]
[White "Nemeth, Balint"]
[Black "Ambrus, Bence"]
[Result "1/2-1/2"]
[WhiteElo "1617"]
[BlackElo "1798"]
[PlyCount "58"]
[EventDate "2015.06.18"]
[EventType "swiss"]
[EventRounds "9"]
[EventCountry "HUN"]

1. e4 e5 2. Nf3 Nc6 3. Bb5 a6 4. Ba4 Nf6 5. O-O b5 6. Bb3 Be7 7. Re1 d6 8. h3
Na5 9. c3 Nxb3 10. Qxb3 Be6 11. Qc2 O-O 12. d4 exd4 13. cxd4 d5 14. Nc3 dxe4
15. Nxe4 Bd5 16. Ned2 Rc8 17. Ne5 c5 18. dxc5 Bxc5 19. Qd1 Qb6 20. Nd3 Bd4 21.
Nf3 Bxf3 22. Qxf3 Rc2 23. Be3 Rd8 24. Bxd4 Qxd4 25. Rac1 Rd2 26. Red1 Rxd1+ 27.
Rxd1 Qa4 28. a3 Ne4 29. Re1 Nf6 1/2-1/2

[Event "Korcsoportos Bajnokság u14f"]
[Site "Balatonlelle"]
[Date "2015.06.21"]
[Round "5.12"]
[White "Marton, Kristof"]
[Black "Varga, Marcell"]
[Result "1-0"]
[WhiteElo "1482"]
[BlackElo "1478"]
[PlyCount "119"]
[EventDate "2015.06.18"]
[EventType "swiss"]
[EventRounds "9"]
[EventCountry "HUN"]

1. e4 e5 2. Nf3 Nc6 3. Nc3 Bc5 4. Nxe5 Bxf2+ 5. Kxf2 Nxe5 6. d4 Nc6 7. Bc4 d6
8. Rf1 Nf6 9. Bg5 O-O 10. Kg1 Re8 11. Nd5 Na5 12. Bxf6 gxf6 13. Nxf6+ Kf8 14.
Nxe8 Nxc4 15. Nf6 Ne3 16. Nxh7+ Kg7 17. Qh5 Nxf1 18. Rxf1 Qe7 19. Rf6 Bd7 20.
Qg5+ Kh8 21. Nf8 Qxf8 22. Rh6+ Qxh6 23. Qxh6+ Kg8 24. Qf6 Re8 25. h4 Rxe4 26.
h5 Bc6 27. h6 Rg4 28. h7+ Kxh7 29. Qxf7+ Rg7 30. Qf5+ Kg8 31. d5 Bd7 32. Qf6
Bb5 33. Qd8+ Kh7 34. Qb8 c6 35. Qxd6 cxd5 36. Qxd5 Bc6 37. Qh5+ Kg8 38. g4 Bf3
39. Qc5 Bxg4 40. Kf2 a6 41. Ke3 Bh3 42. Qd5+ Rf7 43. Qd8+ Kg7 44. Qg5+ Kh8 45.
Qh6+ Kg8 46. Qxh3 Kf8 47. Qh8+ Ke7 48. Qe5+ Kf8 49. Kd4 Re7 50. Qd6 Ke8 51. Kc5
Rd7 52. Qe6+ Kd8 53. Kb6 a5 54. Qxd7+ Kxd7 55. Kxb7 a4 56. a3 Kd6 57. b3 axb3
58. cxb3 Kc5 59. a4 Kb4 60. Kb6 1-0

[Event "Korcsoportos Bajnokság u14f"]
[Site "Balatonlelle"]
[Date "2015.06.21"]
[Round "5.13"]
[White "Horvath, Csongor Endre"]
[Black "Boa, Bence"]
[Result "0-1"]
[WhiteElo "1523"]
[BlackElo "1725"]
[PlyCount "60"]
[EventDate "2015.06.18"]
[EventType "swiss"]
[EventRounds "9"]
[EventCountry "HUN"]

1. b3 d5 2. Bb2 c5 3. e3 Nc6 4. Ne2 Nf6 5. g3 e5 6. Bg2 Be6 7. O-O Bd6 8. d3
Qd7 9. Nd2 Bh3 10. c4 Bxg2 11. Kxg2 d4 12. exd4 cxd4 13. a3 a5 14. Rc1 b6 15.
Ng1 O-O 16. Ngf3 Rfe8 17. Ng5 Qe7 18. Nde4 Nxe4 19. Nxe4 Bxa3 20. Bxa3 Qxa3 21.
Qg4 Qe7 22. f4 Kh8 23. c5 bxc5 24. Rxc5 Ra6 25. Qh5 g6 26. Qh3 exf4 27. Rxf4 f5
28. Rh4 fxe4 29. Rxe4 Qf7 30. Rf4 Qe6 0-1

[Event "Korcsoportos Bajnokság u14f"]
[Site "Balatonlelle"]
[Date "2015.06.21"]
[Round "5.14"]
[White "Kovacs, Mate"]
[Black "Pasztor, Bence"]
[Result "1-0"]
[WhiteElo "1353"]
[BlackElo "1598"]
[PlyCount "51"]
[EventDate "2015.06.18"]
[EventType "swiss"]
[EventRounds "9"]
[EventCountry "HUN"]

1. e4 e5 2. Nf3 Nc6 3. Nc3 Nf6 4. Bb5 Bb4 5. O-O O-O 6. a3 Bxc3 7. dxc3 d6 8.
Bg5 h6 9. Bh4 Be6 10. Qd3 Kh8 11. h3 Ne7 12. Bxf6 gxf6 13. Qe3 Kh7 14. Nh2 Rg8
15. f4 c6 16. Be2 exf4 17. Rxf4 Ng6 18. Rf2 Qe7 19. Raf1 Nh4 20. Bg4 Bxg4 21.
Nxg4 Rxg4 22. hxg4 f5 23. gxf5 d5 24. e5 Rg8 25. Qf4 h5 26. f6 1-0